Revue de droit international et de droit comparé
Saved in:
| Format: | Serial |
|---|---|
| Language: | French |
| Published: |
Bruxelles
Institut Belge de Droit Comparé
2007
|
| Subjects: | |
| Tags: |
No Tags, Be the first to tag this record!
|
MARC
| LEADER | 00000nas2a2200000 4500 | ||
|---|---|---|---|
| 001 | 0129847 | ||
| 005 | 20110525125926.4 | ||
| 041 | 0 | |a fre | |
| 044 | |a BE | ||
| 245 | 1 | 0 | |a Revue de droit international et de droit comparé |
| 264 | 1 | |a Bruxelles |b Institut Belge de Droit Comparé |c 2007 | |
| 773 | 0 | |w eu_un_cat*s120272 | |
| 610 | 2 | 0 | |a právo medzinárodné |
| 610 | 2 | 0 | |a právo porovnávacie |